Salina de Anzoátegui : evolución geoambiental /
Guardado en:
| Otros Autores: | |
|---|---|
| Formato: | Libro |
| Idioma: | Spanish |
| Publicado: |
Bahía Blanca :
Universidad Nacional del Sur. Secretaría General de Ciencia y Tecnología,
1995.
|
| Materias: | |
| Etiquetas: |
Agregar Etiqueta
Sin Etiquetas, Sea el primero en etiquetar este registro!
|
| LEADER | 00663nam a22001935a 4500 | ||
|---|---|---|---|
| 001 | EUN.um000046 | ||
| 008 | 041125s1995####ag#a##########000#0#spa#d | ||
| 005 | 20181211100425.0 | ||
| 245 | 0 | 0 | |a Salina de Anzoátegui : |b evolución geoambiental / |c Augusto P. Calmels [et al.]. |
| 260 | |a Bahía Blanca : |b Universidad Nacional del Sur. Secretaría General de Ciencia y Tecnología, |c 1995. | ||
| 300 | |a 15 h. : |b il. ; |c 30,5 cm. | ||
| 700 | 1 | |a Calmels, Augusto P. | |
| 082 | 0 | 4 | |a 558.213 |
| 082 | 0 | 4 | |a 560 |
| 653 | |a Geologia argentina | ||
| 653 | |a Paleoecologia | ||
| 653 | |a Climatologia | ||
| 653 | |a Uns | ||
| 859 | |a Ar-BaUNS |b BIB. CENTRAL - Sector A |h 558.213 |i C136-1 |p 105755/997 | ||
